banner koha

Altura de voo de escolitíneos (Coleoptera, Scolytinae) em povoamento de Pinus taeda L. no sul do Brasil (Registro n. 86776)

MARC details
000 -LÍDER
fixed length control field 04056nab a2200277 i 4500
003 - CÓDIGO MARC DA AGÊNCIA CATALOGADORA
Campo de controle BR-BrBNA
005 - DATA E HORA DA ÚLTIMA ATUALIZAÇÃO
Campo de controle 20231121101749.0
008 - CAMPO DE TAMANHO FIXO
fixed length control field 231121b2017 bl.qr|pooa||| 00| 0 por |
040 ## - FONTE DA CATALOGAÇÃO
Agência catalogadora BR-BrBNA
Idioma da catalogação por
072 ## - CATEGORIA AGRIS
Código AGRIS H10
Código do objeto 4020
072 ## - CATEGORIA AGRIS
Código AGRIS F40
100 ## - ENTRADA PRINCIPAL - NOME PESSOAL
Nome pessoal Machado, Leonardo Mortari
100 ## - ENTRADA PRINCIPAL - NOME PESSOAL
Nome pessoal Costa, Ervandil Corrêa
245 ## - TÍTULO PRINCIPAL
Título principal Altura de voo de escolitíneos (Coleoptera, Scolytinae) em povoamento de Pinus taeda L. no sul do Brasil
500 ## - NOTA GERAL
Nota geral Publicação on-line; 25 ref.; 1 table; 4 illus.; Summaries (En, Pt)
942 ## - ADDED ENTRY ELEMENTS (KOHA)
Koha item type
520 ## - NOTA DE RESUMO
Nota de conteúdo <br/><br/>RESUMO<br/>Os escolitíneos (Curculionidae, Scolytinae) são besouros broqueadores, pertencentes à ordem Coleoptera<br/>que se desenvolvem no interior de árvores. Em países do hemisfério norte, estes insetos causam prejuízos<br/>significativos, principalmente quando ocorrem em surtos epidêmicos. No Brasil, em geral, os danos causados<br/>são menores quando comparados aos do hemisfério norte. Tendo em vista a importância da subfamília<br/>Scolytinae, este trabalho tem por objetivo proporcionar um melhor entendimento do comportamento destes,<br/>principalmente no que tange à altura de voo em povoamento de Pinus taeda L.. Para tanto, foram instaladas<br/>72 armadilhas de interceptação de voo, em área pertencente à Fundação Estadual de Pesquisa Agropecuária<br/>(FEPAGRO), localizada em Santa Maria, Rio Grande do Sul. As armadilhas foram distribuídas em diferentes<br/>alturas (tratamentos) com três repetições distantes 30 metros entre si. Os tratamentos corresponderam às<br/>alturas de 0,5; 1,0; 1,5; 2,0; 2,5; 3,0; 3,5; 4,0; 4,5; 5,0; 5,5 e 6,0 metros. Foram capturados: Hypothenemus<br/>eruditus em maior abundância na faixa de 1,0 a 1,5 metros; Xyleborus ferrugineus, Xyleborinus gracilis e<br/>Xyleborus affinis a 0,5 metros; Xyleborinus saxeseni e Xylosandrus retusus não apresentaram preferência de<br/>altura de voo. Conclui-se que o intervalo situado entre 0,5 e 1,5 metros é ideal para analisar quantitativamente<br/>os escolitíneos associados ao Pinus taeda.<br/><br/>Palavras-chave: entomologia florestal; besouros-da-ambrosia; Pinaceae; distribuição vertical.<br/>
520 ## - NOTA DE RESUMO
Nota de conteúdo <br/><br/>ABSTRACT<br/>Scolytids (Curculionidae, Scolytinae) are small borer beetles belonging to the order Coleoptera that develop<br/>within or under the bark of trees. In northern countries, these insects cause significant damage especially<br/>when outbreaks occur. In Brazil, in general, the damage is minor when compared to the northern hemisphere.<br/>Given the importance of subfamily Scolytinae, this paper aims at providing a better understanding of the<br/>behavior of Scolytids, mainly regarding the flight height in a stand of Pinus taeda L. For the execution of<br/>this work 72, intercept flight traps were installed in area belonging to the State Foundation for Agricultural<br/>Research (FEPAGRO), located in Santa Maria, Rio Grande do Sul state. The treatments correspond to heights<br/>of 0.5; 1.0; 1.5; 2.0; 2.5; 3.0; 3.5; 4.0; 4.5; 5.0; 5.5 and 6.0 meters. It was possible to capture: Hypothenemus<br/>eruditus in greater abundance at the range of 1 to 1.5 meters; Xyleborus ferrugineus, Xyleborinus gracilis<br/>and Xyleborus affinis to 0.5 meters; Xyleborinus saxeseni and Xylosandrus retusus with no preference. It is<br/>concluded that the range between 0.5 and 1.5 meters is ideal to analyze quantitatively the scolytids present<br/>in the Pinus taeda.<br/><br/>Keywords: forest entomology; ambrosia beetles; Pinaceae; vertical distribution.
650 ## - ASSUNTO - THESAGRO
Cabeçalho tópico ou nome geográfico ENTOMOLOGIA
650 ## - ASSUNTO - THESAGRO
Cabeçalho tópico ou nome geográfico FLORESTA
650 ## - ASSUNTO - THESAGRO
Cabeçalho tópico ou nome geográfico BESOURO
650 ## - ASSUNTO - THESAGRO
Cabeçalho tópico ou nome geográfico ECOLOGIA FLORESTAL
773 0# - ENTRADA ANALÍTICA
Host Biblionumber 4065
Registro do item 102230
Imprenta Santa Maria-RS Universidade Federal de Santa Maria - Centro de Pesquisas Florestais.Departamento de Ciências Florestais. Programa de Pós-Graduação em Engenharia Florestal 1991
Outro identificador 2023-436645
Título Ciência Florestal (Brazil)
ISSN 0103-9954; 1980-5098 (on-line)
Colação v. 27(2) p. 669-678; (Apr-Jun 2017)
Número de controle de registro BR2023001323
856 ## - ACESSO E ENDEREÇO ELETRÔNICO
Identificador uniforme de recurso - URI https://www.scielo.br/j/cflo/a/xHxdhjmt9hHRPJpBrVTKwMn/?format=pdf&lang=pt

Nenhum exemplar disponível.

BINAGRI

Telefone: (61)3218-2567/2388/3357/2097 - binagri@agro.gov.br

Ministério da Agricultura e Pecuária , Esplanada dos Ministérios, Bloco D, Anexo B, Brasília/DF, CEP: 70.043-900